Un anno di particolare santificazione (Record n. 98377)
[ formato base ]
| 000 -LEADER | |
|---|---|
| fixed length control field | 01052nam a22001817a 4500 |
| 003 - CONTROL NUMBER IDENTIFIER | |
| control field | IT-RoPau |
| 005 - DATE AND TIME OF LATEST TRANSACTION | |
| control field | 20220918181104.0 |
| 008 - FIXED-LENGTH DATA ELEMENTS--GENERAL INFORMATION | |
| fixed length control field | 130417b xxu||||| |||| 00| 0 eng d |
| 040 ## - CATALOGING SOURCE | |
| Transcribing agency | IT-RoPau |
| 100 ## - MAIN ENTRY--PERSONAL NAME | |
| Personal name | Famiglia Paolina |
| 9 (RLIN) | 98 |
| 245 ## - TITLE STATEMENT | |
| Title | Un anno di particolare santificazione |
| Remainder of title | Le riflessioni di Don Alberione dal San Paolo Generalizia del 1963 - 2 |
| 250 ## - EDITION STATEMENT | |
| Edition statement | 1° ed |
| 260 ## - PUBLICATION, DISTRIBUTION, ETC. (IMPRINT) | |
| Place of publication, distribution, etc. | Roma |
| Name of publisher, distributor, etc. | SSP Provincia Italia |
| Date of publication, distribution, etc. | 2003 |
| 300 ## - PHYSICAL DESCRIPTION | |
| Extent | 57 pp. |
| Dimensions | 21 cm |
| 490 ## - SERIES STATEMENT | |
| Series statement | San Paolo |
| Volume/sequential designation | n° 3 - Settembre 2003 |
| 520 ## - SUMMARY, ETC. | |
| Summary, etc. | Indice<br/><br/>Saluto del Superiore Provinciale<br/><br/>Un anno di particolare santificazione - 2<br/>Atti del Governo Provinciale<br/>1. Consigli provinciali: date, temi, decisioni<br/>2. Documenti uffciali<br/>3. Trasferimenti di sede e incarichi da marzo ad agosto 2003<br/>Assemblea Circoscrizionale<br/>1. Documenti congregazionali ed ecclesiali<br/>2. Formazione permanente e vita consacrata di Amedeo Cencini<br/>3. Conclusioni<br/>Informazioni sulla vita della Provincia<br/>Defunti paolini della Provicnia Italia<br/>Per la liturgia del Beato Giacomo Alberione<br/><br/> |
| 942 ## - ADDED ENTRY ELEMENTS (KOHA) | |
| Source of classification or shelving scheme | Dewey Decimal Classification |
| Koha item type | RIVISTA |
| Withdrawn status | Lost status | Source of classification or shelving scheme | Damaged status | Not for loan | Home library | Current library | Date acquired | Total Checkouts | Full call number | Date last seen | Price effective from | Koha item type |
|---|---|---|---|---|---|---|---|---|---|---|---|---|
| Dewey Decimal Classification | Buone Condizioni | Not For Loan | PAULUS-BIBLIOTECA | PAULUS-BIBLIOTECA | 17/04/2013 | P C6 | 17/04/2013 | 17/04/2013 | RIVISTA | |||
| Dewey Decimal Classification | Buone Condizioni | Not For Loan | PAULUS-BIBLIOTECA | PAULUS-BIBLIOTECA | 17/04/2013 | P C6 | 17/04/2013 | 17/04/2013 | RIVISTA | |||
| Dewey Decimal Classification | Buone Condizioni | Not For Loan | PAULUS-BIBLIOTECA | PAULUS-BIBLIOTECA | 17/04/2013 | P C6 | 17/04/2013 | 17/04/2013 | RIVISTA | |||
| Dewey Decimal Classification | Buone Condizioni | Not For Loan | PAULUS-BIBLIOTECA | PAULUS-BIBLIOTECA | 17/04/2013 | P C6 | 17/04/2013 | 17/04/2013 | RIVISTA | |||
| Dewey Decimal Classification | Buone Condizioni | Not For Loan | PAULUS-BIBLIOTECA | PAULUS-BIBLIOTECA | 17/04/2013 | P C6 | 17/04/2013 | 17/04/2013 | RIVISTA | |||
| Dewey Decimal Classification | Buone Condizioni | Not For Loan | PAULUS-BIBLIOTECA | PAULUS-BIBLIOTECA | 17/04/2013 | P C6 | 17/04/2013 | 17/04/2013 | RIVISTA | |||
| Dewey Decimal Classification | Buone Condizioni | Not For Loan | PAULUS-BIBLIOTECA | PAULUS-BIBLIOTECA | 17/04/2013 | P C6 | 17/04/2013 | 17/04/2013 | RIVISTA | |||
| Dewey Decimal Classification | Buone Condizioni | Not For Loan | PAULUS-BIBLIOTECA | PAULUS-BIBLIOTECA | 17/04/2013 | P C6 | 17/04/2013 | 17/04/2013 | RIVISTA | |||
| Dewey Decimal Classification | Buone Condizioni | Not For Loan | PAULUS-BIBLIOTECA | PAULUS-BIBLIOTECA | 17/04/2013 | P C6 | 17/04/2013 | 17/04/2013 | RIVISTA |